MARC details
| 000 -CABECERA |
| campo de control de longitud fija |
02229nam a2200337 a 4500 |
| 003 - IDENTIFICADOR DEL NÚMERO DE CONTROL |
| campo de control |
CHAP |
| 005 - FECHA Y HORA DE LA ÚLTIMA TRANSACCIÓN |
| campo de control |
20230330184743.0 |
| 007 - CAMPO FIJO DE DESCRIPCIÓN FÍSICA--INFORMACIÓN GENERAL |
| campo de control de longitud fija |
ta |
| 008 - DATOS DE LONGITUD FIJA--INFORMACIÓN GENERAL |
| campo de control de longitud fija |
230330s2017 sp ad||fr|||| 001 0 spa d |
| 020 ## - NÚMERO INTERNACIONAL ESTÁNDAR DEL LIBRO |
| Número Internacional Estándar del Libro |
978-84-16898-18-3 |
| 040 ## - FUENTE DE LA CATALOGACIÓN |
| Centro catalogador/agencia de origen |
mxchpua |
| Centro/agencia transcriptor |
CHAP |
| Normas de descripción |
rda |
| 050 10 - SIGNATURA TOPOGRÁFICA DE LA BIBLIOTECA DEL CONGRESO |
| Número de clasificación |
TX553.A3 |
| Número de documento/Ítem |
.A35 2017 |
| 082 00 - NÚMERO DE LA CLASIFICACIÓN DECIMAL DEWEY |
| Número de clasificación |
664.06 |
| Número de documento/Ítem |
A35 2017 |
| Número de edición |
20 |
| 245 10 - MENCIÓN DE TÍTULO |
| Título |
Aditivos alimentarios / |
| Mención de responsabilidad, etc. |
coordinadora Inmaculada Mateos-Aparicio |
| 250 ## - MENCIÓN DE EDICIÓN |
| Mención de edición |
1a edición |
| 264 ## - PRODUCCIÓN, PUBLICACIÓN, DISTRIBUCIÓN, FABRICACIÓN Y COPYRIGHT |
| Producción, publicación, distribución, fabricación y copyright |
España : |
| Nombre del de productor, editor, distribuidor, fabricante |
Dextra, |
| Fecha de producción, publicación, distribución, fabricación o copyright |
2017 |
| 300 ## - DESCRIPCIÓN FÍSICA |
| Extensión |
314 páginas : |
| Otras características físicas |
ilustraciones, gráficas y fotos |
| 336 ## - TIPO DE CONTENIDO |
| Fuente |
rdacontent |
| Término de tipo de contenido |
texto |
| Código de tipo de contenido |
txt |
| 337 ## - TIPO DE MEDIO |
| Fuente |
rdamedia |
| Nombre/término del tipo de medio |
sin medio |
| Código del tipo de medio |
n |
| 338 ## - TIPO DE SOPORTE |
| Fuente |
rdacarrier |
| Nombre/término del tipo de soporte |
volumen |
| Código del tipo de soporte |
nc |
| 504 ## - NOTA DE BIBLIOGRAFÍA, ETC. |
| Nota de bibliografía, etc. |
Bibliografía: páginas 310-314 |
| 520 2# - SUMARIO, ETC. |
| Sumario, etc. |
Los aditivos alimentarios son sustancias añadidas a los alimentos de forma intencionada con una finalidad tecnológica, es decir, facilitar su conservación, mantener sus propiedades nutritivas o mejorar y/o mantener sus caracteres organolépticos. Dicho así no parece nada diferente a muchos de los ingredientes o coadyuvantes que se utilizan en la elaboración de los alimentos, sin embargo a nadie se le escapa la controversia que suscita el uso de los mismos. Este libro recoge las clases de aditivos más usados desde los puntos de vista tecnológico y de sus implicaciones sobre la salud, y se ha tratado de contestar aquellas preguntas sobre seguridad, toxicidad y, en general, alarmismo que existen para algunos de los aditivos alimentarios tratados. Por tanto, en buena medida, está dirigido a los alumnos de Ciencia y Tecnología de los Alimentos, Nutrición Humana y Dietética y Farmacia, y a todos aquellos estudiantes, profesores y científicos que estén interesados en profundizar en el conocimiento de estas sustancias. Asimismo, se ha tratado de que el lenguaje sea sencillo y por tanto también puede ser abordado por el público en general. |
| 650 13 - PUNTO DE ACCESO ADICIONAL DE MATERIA--TÉRMINO DE MATERIA |
| Término de materia o nombre geográfico como elemento de entrada |
Aditivos alimentarios |
| 9 (RLIN) |
138423 |
| 650 13 - PUNTO DE ACCESO ADICIONAL DE MATERIA--TÉRMINO DE MATERIA |
| Término de materia o nombre geográfico como elemento de entrada |
Inocuidad alimentaria |
| 9 (RLIN) |
58836 |
| 650 13 - PUNTO DE ACCESO ADICIONAL DE MATERIA--TÉRMINO DE MATERIA |
| Término de materia o nombre geográfico como elemento de entrada |
Calidad de los alimentos |
| 9 (RLIN) |
147626 |
| 650 13 - PUNTO DE ACCESO ADICIONAL DE MATERIA--TÉRMINO DE MATERIA |
| Término de materia o nombre geográfico como elemento de entrada |
Food additives |
| 9 (RLIN) |
147673 |
| 650 13 - PUNTO DE ACCESO ADICIONAL DE MATERIA--TÉRMINO DE MATERIA |
| Término de materia o nombre geográfico como elemento de entrada |
Food safety |
| 9 (RLIN) |
148388 |
| 650 13 - PUNTO DE ACCESO ADICIONAL DE MATERIA--TÉRMINO DE MATERIA |
| Término de materia o nombre geográfico como elemento de entrada |
Food quality |
| 9 (RLIN) |
147627 |
| 700 1# - PUNTO DE ACCESO ADICIONAL--NOMBRE DE PERSONA |
| 9 (RLIN) |
186606 |
| Nombre de persona |
Mateos-Aparicio, Inmaculada |
| Término indicativo de función/relación |
coordinadora |
| 942 ## - ELEMENTOS DE PUNTO DE ACCESO ADICIONAL (KOHA) |
| Fuente del sistema de clasificación o colocación |
Dewey Decimal Classification |
| Tipo de ítem Koha |
|